Doña Mercedes Marín del Solar

Wedi'i Gadw mewn:
Manylion Llyfryddiaeth
Prif Awdur: Amunátegui, Miguel Luis (Awdur)
Fformat: Llyfr
Iaith:Sbaeneg
Cyhoeddwyd: Santiago Imprenta de La República 1867
Rhifyn:1a. ed
Pynciau:
Tagiau: Ychwanegu Tag
Dim Tagiau, Byddwch y cyntaf i dagio'r cofnod hwn!

MARC

LEADER 00000nam a2200000 a 4500
001 UCJ4643
003 CL-VaPUC
008 070124e18670000CL |||||||||||||||||spa|d
082 0 4 |a 983  |b AMU  |2 21 
100 0 |a Amunátegui, Miguel Luis  |e author  |9 506140 
245 1 0 |a Doña Mercedes Marín del Solar 
250 |a 1a. ed 
300 |a 63 p 
942 |c BK 
945 |d 20070124 00:00:00  |a rinostro 
260 |a Santiago  |b Imprenta de La República  |c 1867 
500 |a Empastado junto a otras monografías en un volumen rotulado M. L. Amunátegui, Narraciones Históricas i Biográficas; 983 AMU 
600 0 |a Marín del Solar, Mercedes,  |d 1804-1866  |9 443758 
650 7 |a BIOGRAFIA  |2 CL-VaPUC  |9 504622 
650 0 |a Poesía   |9 265825 
650 0 |a Crítica literaria   |9 269189 
583 |a last modification  |c 20070124 00:00:00  |k Rodrigo Vera 
999 |c 320759  |d 320757 
952 |0 0  |1 0  |4 0  |6 983_000000000000000_AMU_1867  |7 0  |8 X  |9 399355  |a FDOBUD  |b FDOBUD  |d 2019-11-22  |i 1022768  |o 983 AMU 1867  |p 1022768  |r 2019-11-22  |w 2019-11-22  |y BK_X  |k BUD